Intermediate Accounting / (Record no. 14799)

MARC details
000 -LEADER
fixed length control field 01274cam a22003495a 4500
001 - CONTROL NUMBER
control field 15109184
005 - DATE AND TIME OF LATEST TRANSACTION
control field 20201128020850.0
008 - FIXED-LENGTH DATA ELEMENTS--GENERAL INFORMATION
fixed length control field 071211s2010 njuad f b 001 0 eng d
010 ## - LIBRARY OF CONGRESS CONTROL NUMBER
LC control number 2007282452
020 ## - INTERNATIONAL STANDARD BOOK NUMBER
International Standard Book Number 9780470418918
040 ## - CATALOGING SOURCE
Original cataloging agency DLC
Transcribing agency DLC
Modifying agency DLC
-- EG-ScBUE
050 00 - LIBRARY OF CONGRESS CALL NUMBER
Classification number HF5635
Item number .K5 2010
082 04 - DEWEY DECIMAL CLASSIFICATION NUMBER
Edition number 22
Classification number 657.044
Item number KIE
100 1# - MAIN ENTRY--PERSONAL NAME
Personal name Kieso, Donald E.
9 (RLIN) 9035
245 10 - TITLE STATEMENT
Title Intermediate Accounting /
Statement of responsibility, etc Donald E. Kieso, Jerry J. Weygandt, Terry D. Warfield.
250 ## - EDITION STATEMENT
Edition statement 13th ed.
260 ## - PUBLICATION, DISTRIBUTION, ETC. (IMPRINT)
Place of publication, distribution, etc Hoboken, NJ :
Name of publisher, distributor, etc Wiley,
Date of publication, distribution, etc 2010.
300 ## - PHYSICAL DESCRIPTION
Extent xi, 20 I, 1379 p. :
Other physical details ill ;
Dimensions 29 cm.
500 ## - GENERAL NOTE
General note includes index .
590 ## - LOCAL NOTE (RLIN)
Local note MUSTAFA GALAL
650 #0 - SUBJECT ADDED ENTRY--TOPICAL TERM
Topical term or geographic name as entry element Accounting.
9 (RLIN) 9036
Source of heading or term BUEsh
651 ## - SUBJECT ADDED ENTRY--GEOGRAPHIC NAME
Source of heading or term BUEsh
653 ## - INDEX TERM--UNCONTROLLED
Resource For college BAEPS, Economics
Arrived date list August2015
655 ## - INDEX TERM--GENRE/FORM
Form subdivision
-- 33728
700 1# - ADDED ENTRY--PERSONAL NAME
Personal name Weygandt, Jerry J.
9 (RLIN) 1078
700 1# - ADDED ENTRY--PERSONAL NAME
Personal name Warfield, Terry D.
9 (RLIN) 9037
856 42 - ELECTRONIC LOCATION AND ACCESS
Materials specified Contributor biographical information
Uniform Resource Identifier <a href="http://www.loc.gov/catdir/enhancements/fy0814/2007282452-b.html">http://www.loc.gov/catdir/enhancements/fy0814/2007282452-b.html</a>
856 42 - ELECTRONIC LOCATION AND ACCESS
Materials specified Publisher description
Uniform Resource Identifier <a href="http://www.loc.gov/catdir/enhancements/fy0814/2007282452-d.html">http://www.loc.gov/catdir/enhancements/fy0814/2007282452-d.html</a>
856 41 - ELECTRONIC LOCATION AND ACCESS
Materials specified Table of contents only
Uniform Resource Identifier <a href="http://www.loc.gov/catdir/enhancements/fy0814/2007282452-t.html">http://www.loc.gov/catdir/enhancements/fy0814/2007282452-t.html</a>
942 ## - ADDED ENTRY ELEMENTS (KOHA)
Source of classification or shelving scheme Dewey Decimal Classification
Item type Book - Borrowing
Holdings
Withdrawn status Item status Source of classification or shelving scheme Damaged status Not for loan Vendor Home library Current library Shelving location Date acquired Source of acquisition Total Checkouts Total Renewals Full call number Barcode Date last seen Date last borrowed Koha item type Cost, normal purchase price Cost, replacement price Materials specified (bound volume or other part)
    Dewey Decimal Classification     Baccah Central Library Central Library First floor 28/10/2010   17 85 657.044 KIE 000021812 15/07/2025 03/10/2019 Book - Borrowing      
    Dewey Decimal Classification     Baccah Central Library Central Library First floor 28/10/2010   7   657.044 KIE 000021810 15/07/2025 15/12/2011 NB - Book (Non borrowing)      
    Dewey Decimal Classification     Baccah Central Library Central Library First floor 10/10/2011   14 93 657.044 KIE 000025263 15/07/2025 13/01/2020 Book - Borrowing 307.84 384.80  
  Lost Dewey Decimal Classification     Baccah Central Library Central Library First floor 10/10/2011   7 57 657.044 KIE 000025264 18/12/2014 15/12/2014 Book - Borrowing     Lost In Inventory_2005-2015/8/22
    Dewey Decimal Classification     Baccah Central Library Central Library First floor 10/10/2011 Purchase 9 52 657.044 KIE 000025265 15/07/2025 17/11/2020 Book - Borrowing      
    Dewey Decimal Classification     Baccah Central Library Central Library First floor 10/10/2011   17 102 657.044 KIE 000025266 15/07/2025 28/11/2021 Book - Borrowing      
    Dewey Decimal Classification     Baccah Central Library Central Library First floor 10/10/2011   9 42 657.044 KIE 000025267 15/07/2025 08/09/2014 Book - Borrowing      
  Lost Dewey Decimal Classification     Baccah Central Library Central Library First floor 10/10/2011   8 68 657.044 KIE 000025268 03/11/2014 13/10/2014 Book - Borrowing     Lost In Inventory_2005-2015/8/22
    Dewey Decimal Classification     Baccah Central Library Central Library First floor 10/10/2011   11 115 657.044 KIE 000025269 15/07/2025 05/10/2016 Book - Borrowing      
    Dewey Decimal Classification     Baccah Central Library Central Library First floor 10/10/2011   5 33 657.044 KIE 000025270 15/07/2025 24/09/2016 Book - Borrowing